Vista normal Vista MARC

Entrada Personal Name

Número de registros utilizados en: 1

001 - CONTROL NUMBER

  • control field: 26759

003 - CONTROL NUMBER IDENTIFIER

  • control field: OSt

005 - DATE AND TIME OF LATEST TRANSACTION

  • control field: 20210310224130.0

008 - FIXED-LENGTH DATA ELEMENTS

  • fixed length control field: 210310|| aca||aabn | a|a d

040 ## - CATALOGING SOURCE

  • Original cataloging agency: OSt
  • Transcribing agency: OSt

100 ## - HEADING--PERSONAL NAME

  • Personal name: Junguito, Roberto; Gamboa, Cristina

670 ## - SOURCE DATA FOUND

  • Source citation: Work cat.: (OSt): Junguito, Roberto; Gamboa, Cristina, Los servicios financieros y el TLC con Estado Unidos: Oportunidades y retos para Colombia , 2004